000 00609nam a2200265Ia 4500
008 210210b2018 xxu||||| |||| 00| 0 eng d
020 _a9780393283785
041 _aeng
082 _a813.3 AMMH
100 _aAMMONS (Elizabeth) Ed
245 _aHarriet Beecher Stowe uncle Toms cabin Ed 3
250 _a
260 _aNew York
_bWW Norton & Co.
_c2018
300 _axix,365
650 _auncle
650 _aToms
650 _aStowe
650 _aHarriet
650 _aEd
650 _acabin
650 _aBeecher
650 _a3
690 _aAmerican English Fiction
906 _a072784
999 _c122600
_d122600